00449nam a22001577a 450000500170000001000130001702000260003003700150005608200080007110000210007924500480010025000240014826000280017227000700020030000210027020210930105012.0 aEN230921 a9788193807255c700.00 bM.B. books a480 aAjay Kumar Singh aSSC English 195 sets /cby Ajay Kumar Singh arevised and updated aPatnabM.B. booksc2021 a3rd Floor, Ramdiri House, Dadiji Lane, Boring RoadbPatnae800001 a876p.c28cm(pbk)